Obchodní jednání a národní zvyklosti: Kypr

Stručná ekonomická charakteristika Cypru. Obchodné rokovania a národné zvyklosti. Pracovné návyky, význam času. Vzťahy medzi ľuďmi, verbálna a neverbálna komunikácia. Obliekanie, stolovanie, viera. Širší rámec kultúrnych osobitostí.

Salvato in:
Dettagli Bibliografici
Autore principale: Svítil, Pavel
Natura: Capitolo di libro
Lingua:ceco
Soggetti:
Tags: Aggiungi Tag
Nessun Tag, puoi essere il primo ad aggiungerne!!

MARC

LEADER 00000naa a2200000 4500
001 r048155
005 20230908091441.8
041 0 |a cze 
044 |a CZ 
245 1 0 |a Obchodní jednání a národní zvyklosti: Kypr  |c Pavel Svítil 
520 |a Stručná ekonomická charakteristika Cypru. Obchodné rokovania a národné zvyklosti. Pracovné návyky, význam času. Vzťahy medzi ľuďmi, verbálna a neverbálna komunikácia. Obliekanie, stolovanie, viera. Širší rámec kultúrnych osobitostí. 
610 2 0 |a rokovania obchodné 
610 2 0 |a partneri obchodní 
610 2 0 |a Cyprus 
610 2 0 |a zvyklosti obchodné 
610 2 0 |a komunikácia 
610 2 0 |a stolovanie 
610 2 0 |a náboženstvo 
100 1 |a Svítil, Pavel